000 00785nam a22002297a 4500
003 dpl0
005 20180808152153.0
008 180713b xxu||||| |||| 00| 0 eng d0
010 _aB-217800
020 _c775.00
_a8188583499
035 _aB-217800,B-217804, B-217802, B-217851, B-217814
037 _bCen Lib/Ret
040 _aDPL
_bEN
_c0
082 _a301
_bREF
245 _aReference manual for UGC examinations :
_bNET,SLET,JRF and other UPSC competitive tests : Sociology /
260 _aNew Delhi
_bReference Press
_c2004
270 _bNew Delhi
_a4831/24, Ansari Road, Daryaganj
_e110002
300 _a399p. :
_c20cm(Hb)
650 _aHistory and Development of Society
_914741
650 _aFormation of Society
_914742
942 _2ddc
_cEN
_h301
_mREF
999 _c125552
_d125552